Pohodové české písničky. 7, Veselé Vánoce

Další autoři: Hrnčířová, Magda, zpěvačka
Jazyk: Čeština
Vydáno: Praha : Popron Music & publishing , p2007
Témata:
Fyzický popis: 1 zvuková deska : digital ; 12 cm
Zvukové nahrávky
Uloženo v:
LEADER 01492njm a2200349 a 4500
001 000913929
003 CZ BrMZK
005 20081003091221.0
007 sd fsngnnmmned
008 080925s2007 xr sgn g cze d
024 3 |a 8590442049399 
028 0 1 |a 54939-2  |b Popron Music & publishing 
040 |a BOA001  |b cze 
072 7 |a 784  |x Vokální hudba  |2 Konspekt  |9 9 
080 |a 783.28  |2 MRF 
080 |a (086.76)  |2 MRF 
245 0 0 |a Pohodové české písničky.  |n 7,  |p Veselé Vánoce  |h [zvukový záznam] 
246 3 0 |a Veselé Vánoce 
260 |a Praha :  |b Popron Music & publishing ,  |c p2007 
300 |a 1 zvuková deska :  |b digital ;  |c 12 cm 
500 |a Kompaktní deska 
500 |a Kompilace 
500 |a Původní fonogramy p1963-2007 různá vydavatelství 
505 0 0 |t Veselé Vánoce --  |t Vánoční tajemství --  |t Alžbětinská serenáda --  |t Vánoční --  |t Rolničky --  |t Purpura --  |t Ryba rybě --  |t Těšíme se na Ježíška --  |t To k Vánocům patří --  |t Vánoční lístek --  |t Jen jedenkrát v roce --  |t Tichá noc --  |t Doufej, že přijde k nám --  |t Štědrý den --  |t Vánoční strom --  |t O Vánocích 
511 0 |a Magda Hrnčířová, zpěv a další 
650 0 4 |a vánční písně 
655 7 |a kompaktní desky  |7 fd201991  |2 czenas 
700 1 |a Hrnčířová, Magda,  |c zpěvačka  |4 sng 
910 |a BOA001  |b CD-0011.687,7 
990 |a AV 
991 |b 200810 
996 6 |b 261H016462  |c CD-0011.687,7  |l MZK  |r Sklad / do 24 hodin  |n 0  |w 000913929  |u 000010  |a 1  |e BOA001  |j MZK50  |s P